00550nam a2200193Ia 450000500170000000800410001704000190005804100120007708200190008910000290010824500950013726000270023230000110025950400190027063000180028965000160030765100230032385000100034620160718151426.0131103s9999 xx 000 0 und d aLoreto College aEnglish a822.3bJON-WHE aWheeler, Charles Francis aClassical mythology in the plays,masques, and poems of Ben JonsoncCharles Francis Wheeler aLondonbKennikatc1938 a212p.  aIncludes index aEnglish drama aJonson, Ben aEnglish literature aLCLIB